Nejlepší kniha o fake news dezinformacích a manipulacích!!!

Saved in:
Bibliographic Details
Main Author: Gregor, Miloš
Other Authors: Vejvodová, Petra
Format: Book
Language:Czech
Published: Brno CPress 2018
Edition:1. vydání
Subjects:
Tags: Add Tag
No Tags, Be the first to tag this record!

MARC

LEADER 00000nam a2200000 4500
001 0258266
005 20221220065700.5
020 |a 978-80-264-1805-4 
041 0 |a cze 
044 |a CZ 
245 1 0 |a Nejlepší kniha o fake news dezinformacích a manipulacích!!!  |c Miloš Gregor, Petra Vejvodová 
250 |a 1. vydání 
264 1 |a Brno  |b CPress  |c 2018 
300 |a 142 s. 
610 2 0 |a informácie 
610 2 0 |a médiá 
610 2 0 |a politika 
610 2 0 |a siete sociálne 
610 2 0 |a podvody 
610 2 0 |a propaganda 
610 2 0 |a internet 
610 2 0 |a manipulácia s materiálom 
610 2 0 |a spoločnosť občianska 
610 2 0 |a dezinformácie 
100 1 |a Gregor, Miloš 
700 1 |a Vejvodová, Petra